Quantum Chemistry (Record no. 24669)

000 -LEADER
fixed length control field 00317nam a22001337a 4500
003 - CONTROL NUMBER IDENTIFIER
control field NUST
008 - FIXED-LENGTH DATA ELEMENTS--GENERAL INFORMATION
fixed length control field 140618b xxu||||| |||| 00| 0 eng d
020 ## - INTERNATIONAL STANDARD BOOK NUMBER
Terms of availability Available
038 ## - RECORD CONTENT LICENSOR
Staff Name Nusrat Nadeem
082 ## - DEWEY DECIMAL CLASSIFICATION NUMBER
Edition number 5th Ed
Classification number 574.87 LEV
245 ## - TITLE STATEMENT
Title Quantum Chemistry
Statement of responsibility, etc. Levin ira .N
563 ## - BINDING INFORMATION
Binding note Hardbinding
942 ## - ADDED ENTRY ELEMENTS (KOHA)
Source of classification or shelving scheme
Koha item type Book
Holdings
Withdrawn status Lost status Source of classification or shelving scheme Damaged status Not for loan Permanent Location Current Location Shelving location Date acquired Total Checkouts Total Renewals Barcode Date last seen Date last checked out Price effective from Koha item type
          School of Interdisciplinary Engineering and Sciences (SINES) School of Interdisciplinary Engineering and Sciences (SINES) General Stacks 06/18/2014 6 3 RCMS002653 04/21/2022 04/15/2022 06/18/2014 Book
© 2023 Central Library, National University of Sciences and Technology. All Rights Reserved.